| 000 | 01179nam a2200289Ia 4500 | ||
|---|---|---|---|
| 003 | OSt | ||
| 005 | 20200924110437.0 | ||
| 008 | 191128s1995 sp a gr 000 0 spa d | ||
| 020 | _a9586390489 | ||
| 040 |
_aCO-JMCR _cCO-JMCR |
||
| 041 | 0 | _aspa | |
| 082 | 0 | 4 |
_a523.1 / _bH392h _223 |
| 100 | 1 |
_aHawking, Stephen, _d1942-2018, _eautor _910783 |
|
| 245 | 1 | 4 |
_aUna breve historia del tiempo : _bdel big-bang a los agujeros negros / _cStephen Hawking, Carl Sagan, Ron Miller, [y otro 1] |
| 250 | _aOctava edición | ||
| 260 |
_aBarcelona : _bEditorial Crítica, _c1995. |
||
| 300 |
_a245 páginas : _bilustraciones a blanco y negro ; _c22 cm. |
||
| 490 | 0 | _aCrítica | |
| 500 | _aIncluye índice alfabético. | ||
| 505 | 0 | _aNuestra imagen del universo -- Espacio y tiempo -- El universo en expansión -- El principio de incertidumbre -- Las partículas elementales y las fuerzas de la naturaleza -- los agujeros negros -- Los agujeros nogros no son tan negros | |
| 650 | 2 | 4 |
_aCosmología _945 |
| 650 | 2 | 4 |
_aEspacio y tiempo Hora _910784 |
| 650 | 2 | 4 |
_aFísica _910785 |
| 700 |
_aSagan, Carl, _eautor _910786 |
||
| 700 | 1 |
_aMiller, Ron, _eautor _910787 |
|
| 942 |
_2ddc _cBK |
||
| 999 |
_c4632 _d4632 |
||